000 00687nam a2200229Ia 4500
003 OSt
005 20250704190759.0
008 210423s2011 xx 000 0 und d
020 _a9781604269963
040 _cAL
041 _aEnglish
082 _a070.1
_bTHOP
100 _aRyan M Thornburg
_989672
245 _aProducing online news: digital skills stronger stories
260 _aWashington
_bUniversity of North Carolina at chapel hill
_c2011
300 _axxvii,405p.
_bPB
_c23x19cm.
365 _b1729
_cINR
650 _aGeneral
_989673
650 _aMass Media
_989674
906 _adigital ; news: ; online ; Producing ; skills ; stories. ; stronger
942 _2ddc
_cBK
999 _c160000
_d160000